000 005640000a22001690004500
003 MACL
005 20160221115609.0
008 160221b xxu||||| |||| 00| 0 eng d
040 _aMACL
_cMACL
041 _aHindi
082 _a341
100 _aमहेश प्रसाद टएडन
_939360
245 _aअन्‍तर्राष्‍ट्रीय विधि
260 _bइलाहाबाद ला एजेन्‍सी ला पबलिशर्स
_aइलाहाबाद
650 _aLaw
_939361
942 _cHIN
_k341
_2ddc
999 _c25500
_d25500